[Event "7th Uppsala Young Champions"]
[Site "Uppsala"]
[Date "2020.10.28"]
[Round "9.11"]
[White "Stalmach, Richard"]
[Black "Wernberg, Hugo"]
[Result "1-0"]
[WhiteElo "2296"]
[BlackElo "2211"]
[Annotator "TA"]
[PlyCount "75"]
[EventDate "2020.10.23"]
[EventType "swiss"]
[EventCountry "SWE"]
[SourceTitle "playchess.com"]
[Source "ChessBase"]
[SourceQuality "1"]

{[%evp 10,75,-15,-28,-23,-40,-17,-41,-27,-27,-20,-25,-24,-28,0,-12,0,-27,46,23,37,0,50,38,54,43,96,116,114,120,105,0,8,8,30,42,47,49,36,45,37,53,141,126,206,218,201,200,384,384,447,454,430,438,406,412,708,493,464,447,810,818,802,784,984,980,1546,1501]} 1. Nf3 d5 2. g3 c5 3. Bg2 Nc6 4. O-O e5 5. d3 Be7 6. Nbd2 Be6 {A08: King's Indian Attack.} 7. e4 d4 8. Ne1 Qd7 {Black is slightly better.} 9. f4 {[#]} f6 $146 ({Predecessor:} 9... exf4 10. gxf4 Bg4 11. Bf3 h5 12. Ng2 Nh6 13. e5 O-O-O 14. Ne4 f6 15. exf6 gxf6 {0-1 (21) Wolke,R (2108)-Schulz,H (2078) Hamburg 2001}) 10. Ndf3 O-O-O 11. c3 Kb8 12. cxd4 cxd4 13. Bd2 Qc7 (13... exf4 $11 14. gxf4 (14. Bxf4+ Ka8 $11) 14... Nh6) 14. Rc1 Qb6 15. b4 (15. fxe5 {keeps more tension.} fxe5 16. b4 Nh6 17. Qa4 a6 18. Rxc6 Qxc6 19. Qxc6 bxc6 20. Nxe5 Kb7 21. Bxh6 gxh6 22. Nf7) 15... Bxb4 (15... Nh6 {seems wilder.} 16. Qa4 a6 17. Rb1 Ng4 18. fxe5 Ncxe5 19. b5 axb5 20. Qxb5 Qxb5 21. Rxb5 Bd7) 16. fxe5 Bxd2 17. Qxd2 Nxe5 ({Better is} 17... Ka8 $14) 18. Nxe5 $16 fxe5 19. Nf3 Qd6 {[#]} 20. Qa5 (20. Qg5 $1 $16) 20... Ne7 $11 21. Nxe5 {Hoping for Nf7.} Rc8 22. Nf7 Bxf7 $1 23. Rxc8+ Rxc8 24. Rxf7 Rc1+ 25. Bf1 {Qg5 is the strong threat.} Nc6 {[#]} (25... Ng6 $1 $14) 26. Qb5 $1 {[%csl Gf7][%cal Rb5b7][%mdl 512]} Nd8 (26... b6 $16) 27. Rd7 $40 {[%mdl 128] White wants a kill.} Qf6 {[%csl Gc1][%cal Rf6f1]} 28. Qf5 {aiming for Qxf6.} Qxf5 $2 (28... Nc6 {might work better.}) 29. exf5 {[%mdl 4096] Endgame KRB-KRN} Nc6 30. Rxg7 Ne5 31. f6 Rc2 {( -> ...Nf3+)} 32. Rxh7 Nf3+ 33. Kh1 {Threatens to win with Rh8+.White is clearly winning.} Ng5 34. Rh5 Rf2 (34... Nf7 $142 35. Rh7 Ng5) 35. Kg1 Rf5 36. Be2 Re5 37. h4 Nh3+ 38. Kf1 {Av CentiPawn Loss W=-15/B=-56. Weighted=-10/-65} 1-0

[Event "7th Uppsala Young Champions"]
[Site "Uppsala"]
[Date "2020.10.28"]
[Round "9.12"]
[White "Carlsson, Ludvig"]
[Black "Nilsson, Joakim"]
[Result "1/2-1/2"]
[WhiteElo "2281"]
[BlackElo "2224"]
[Annotator "TA"]
[PlyCount "133"]
[EventDate "2020.10.23"]
[EventType "swiss"]
[EventCountry "SWE"]
[SourceTitle "playchess.com"]
[Source "ChessBase"]
[SourceQuality "1"]

{[%evp 18,133,51,44,39,41,27,37,68,64,62,72,102,87,103,101,102,95,93,93,93,100,97,101,106,84,89,87,97,88,102,95,110,100,108,104,133,141,133,150,156,143,150,117,142,145,161,154,160,0,152,102,112,100,133,107,108,106,112,103,105,95,91,28,66,0,0,0,0,0,0,0,0,0,0,0,0,0,0,0,0,0,0,0,0,-28000,-28000,-28000,-28000,-28000,-28000,-28000,-28000,-28000,-28000,-28000,-28000,-28000,-28000,-28000,-28000,-28000,-28000,-28000,-28000,-28000,-28000,-28000,-28000,-28000,-28000,-28000,-28000,-28000,-28000,-28000,-28000,-28000]} 1. d4 Nf6 2. c4 e6 3. Nf3 Bb4+ 4. Bd2 c5 5. Bxb4 cxb4 6. g3 O-O 7. Bg2 d6 8. O-O Nc6 9. a3 bxa3 {9...Re8 injects fresh life into this line.} 10. Nxa3 e5 {E11: Bogo-Indian.} 11. dxe5 dxe5 12. Nb5 Be6 {[#] White is slightly better.} 13. Qxd8 $146 ({Predecessor:} 13. b3 Qb6 14. Ng5 Bf5 15. Nc3 Rfd8 16. Nd5 Nxd5 17. Bxd5 Bg6 18. Nf3 Be4 19. Bxe4 Rxd1 20. Rfxd1 {0-1 (68) Mhango,B (2117)-Mrudul,D (2256) chess.com INT 2020}) 13... Raxd8 14. Nxa7 Nxa7 15. Rxa7 Bxc4 16. Nxe5 Bxe2 17. Re1 Ba6 18. Bxb7 Bxb7 19. Rxb7 Rb8 {[#]} 20. Rxb8 $1 Rxb8 $16 {[%mdl 4096] Endgame KRN-KRN} 21. Rc1 g6 22. Rc2 Nd5 23. Nd3 Kg7 24. Kf1 h5 25. h4 Rb3 26. Ke2 Kf6 27. Rc4 Ke7 28. Kd2 Rb6 29. Rd4 Nc7 30. Ra4 Ne6 31. Ra7+ Ke8 32. Ke3 Nd8 33. Kd2 Ne6 34. Kc3 Rc6+ 35. Kb4 Rc2 36. Ra3 Rc8 37. Rc3 Rb8+ 38. Ka5 Ke7 39. b4 Kd6 40. Nc5 (40. Ka4 $16) 40... Nd4 $1 $11 41. Rd3 (41. Na6 $1 $14 Rb5+ 42. Ka4) 41... Kd5 $1 {[%cal Rd5c4] next ...Kc4 is good for Black.} 42. Nb3 Ra8+ 43. Kb6 Rb8+ 44. Kc7 Rxb4 45. Rxd4+ {[%mdl 64] [#] Overworked Piece} Rxd4 46. Nxd4 Kxd4 {K3P-K3P} 47. Kd6 f5 $1 48. Ke6 f4 $1 {[%cal Rf4f3]} 49. Kf6 $2 {[%mdl 8192]} (49. gxf4 $11 Ke4 50. f5 (50. Kf6 Kxf4 51. Kxg6 Kg4 $11) 50... gxf5 51. f3+ Kf4 52. Kf6) 49... f3 $1 50. Kxg6 Kd3 $1 {[%cal Rd3e2]} 51. Kxh5 {Kg4 is the strong threat. KP-KP} Ke2 {Mate.} 52. g4 Kxf2 {KPP-KP} 53. g5 Ke3 54. g6 f2 55. g7 f1=Q {( -> ...Qf7+)} 56. g8=Q {KQ-KQ} Qf3+ 57. Qg4 Qf7+ 58. Qg6 Qf3+ 59. Kh6 Qf8+ 60. Qg7 Qd6+ 61. Kh5 Qd1+ 62. Qg4 Qf1 63. Qe6+ Kd4 64. Qg4+ Ke5 65. Qg3+ Ke6 66. Qg8+ Qf7+ {[%mdl 64] Double Attack} 67. Qg6+ {[%mdl 32768] What a bad dream for White. Av CentiPawn Loss W=-59/B=1010. Weighted=-60/2161. An unexpected result.} 1/2-1/2

[Event "7th Uppsala Young Champions"]
[Site "Uppsala"]
[Date "2020.10.28"]
[Round "9.13"]
[White "Rozman, Monika"]
[Black "Crevatin, Leo"]
[Result "1/2-1/2"]
[WhiteElo "2129"]
[BlackElo "2181"]
[Annotator "NA"]
[PlyCount "93"]
[EventDate "2020.10.23"]
[EventType "swiss"]
[EventCountry "SWE"]
[SourceTitle "playchess.com"]
[Source "ChessBase"]
[SourceQuality "1"]
[TimeControl "5400+30"]

1. e4 {[%emt 0:00:08]} c6 {[%emt 0:00:00]} 2. d4 {[%emt 0:00:12]} d5 {[%emt 0:00:00]} 3. Nc3 {[%emt 0:00:09]} dxe4 {[%emt 0:00:00]} 4. Nxe4 {[%emt 0:00:06]} Bf5 {[%emt 0:00:00]} 5. Ng3 {[%emt 0:00:04]} Bg6 {[%emt 0:00:00]} 6. h4 {[%emt 0:00:12]} h6 {[%emt 0:00:06]} 7. h5 {[%emt 0:00:07]} Bh7 {[%emt 0:00:03]} 8. Nf3 {[%emt 0:00:04]} Nf6 {[%emt 0:01:01]} 9. Bd3 {[%emt 0:00:32]} Bxd3 {[%emt 0:00:08]} 10. Qxd3 {[%emt 0:00:06]} e6 {[%emt 0:00:06]} 11. Bd2 {[%emt 0:01:02]} c5 {[%emt 0:00:08]} 12. Ne4 {[%emt 0:04:11]} Nc6 {[%emt 0:00:40]} 13. Nxc5 {[%emt 0:03:10]} Bxc5 {[%emt 0:00:51]} 14. dxc5 {[%emt 0:00:09]} Qxd3 $11 {keeps the balance.} (14... Qd5 {[%emt 1:33:57]}) 15. cxd3 {[%emt 1:27:18]} O-O-O {[%emt 0:00:30]} 16. Ke2 {[%emt 0:00:00]} Rd5 {[%emt 0:01:15]} 17. b4 {[%emt 0:00:00]} Rhd8 {[%emt 0:00:39]} 18. b5 {[%emt 0:00:00]} Nd4+ {[%emt 0:00:07]} 19. Nxd4 {[%emt 0:00:00]} Rxd4 {[%emt 0:00:02]} 20. b6 {[%emt 0:00:00]} a6 {[%emt 0:11:42]} 21. Rh3 {[%emt 0:00:00]} R4d5 {[%emt 0:07:57]} 22. Rc1 {[%emt 0:00:00]} Kd7 {[%emt 0:02:50]} 23. g4 {[%emt 0:00:00]} Kc6 {[%emt 0:03:56]} 24. Rf3 {[%emt 0:00:00]} R8d7 {[%emt 0:14:30]} 25. Rxf6 {[%emt 0:00:00]} gxf6 {[%emt 0:00:28]} 26. Bxh6 {[%emt 0:00:00]} f5 {[%emt 0:10:07]} 27. Bg7 {[%emt 0:00:00]} fxg4 {[%emt 0:07:27]} 28. Rh1 {[%emt 0:00:00]} f6 $4 {[%emt 0:06:53]} ({Inferior is} 28... Rxc5 29. h6 $16) (28... Rxd3 $19 29. h6 Rd2+ 30. Ke3 R7d3+ 31. Kf4 Rxf2+ 32. Kxg4 Rg2+ 33. Kh4 Rd8) 29. h6 {[%emt 0:00:00]} Rxg7 {[%emt 0:00:12]} 30. hxg7 {[%emt 0:00:00]} Rg5 {[%emt 0:00:02]} 31. Rh7 {[%emt 0:00:00]} e5 {[%emt 0:02:01] [#]} 32. g8=Q $2 {[%emt 0:00:00]} ({Only move:} 32. d4 $1 $18) 32... Rxg8 {[%emt 0:00:03]} 33. Rc7+ {[%emt 0:00:00]} Kd5 {[%emt 0:01:06]} 34. Rxb7 {[%emt 0:00:00]} Kxc5 {[%emt 0:00:01]} 35. Rf7 {[%emt 0:00:00]} Kxb6 {[%emt 0:00:16]} 36. Rxf6+ {[%emt 0:00:00]} Kb7 {[%emt 0:00:47]} 37. Ke3 {[%emt 0:00:00]} g3 {[%emt 0:00:39]} 38. fxg3 {[%emt 0:00:00]} Rxg3+ {[%emt 0:00:02]} 39. Ke4 {[%emt 0:00:00]} Rg2 {[%emt 0:00:11]} 40. Kxe5 {[%emt 0:00:00]} Rxa2 {[%emt 0:00:05]} 41. d4 {[%emt 0:00:00]} Rd2 {[%emt 0:09:25]} 42. d5 {[%emt 0:00:00]} a5 {[%emt 0:02:25]} 43. Kd6 {[%emt 0:00:00]} a4 {[%emt 0:02:12]} 44. Rf4 {[%emt 0:00:00]} a3 {[%emt 0:01:06]} 45. Rb4+ {[%emt 0:00:00]} Kc8 {[%emt 0:00:31]} 46. Rc4+ {[%emt 0:00:00]} Kb8 $11 {[%emt 0:00:44]} 47. Rb4+ {[%emt 0:00:00]} 1/2-1/2

[Event "7th Uppsala Young Champions"]
[Site "Uppsala"]
[Date "2020.10.28"]
[Round "9.14"]
[White "Olsson, William"]
[Black "Brozka, Karel"]
[Result "1-0"]
[WhiteElo "2192"]
[BlackElo "2216"]
[Annotator "ChessBase"]
[PlyCount "73"]
[EventDate "2020.10.23"]
[EventType "swiss"]
[EventCountry "SWE"]
[SourceTitle "playchess.com"]
[Source "ChessBase"]
[SourceQuality "1"]
[TimeControl "5400+30"]

1. c4 {[%emt 0:00:00]} Nf6 {[%emt 0:00:00]} 2. Nc3 {[%emt 0:00:00]} g6 {[%emt 0:00:00]} 3. g3 {[%emt 0:00:00]} Bg7 {[%emt 0:00:07]} 4. Bg2 {[%emt 0:00:00]} c5 {[%emt 0:00:20]} 5. Nf3 {[%emt 0:00:16]} Nc6 {[%emt 0:00:35]} 6. O-O {[%emt 0:00:07]} d6 {[%emt 0:00:09]} 7. Rb1 {[%emt 0:00:11]} O-O {[%emt 0:01:33]} 8. a3 {[%emt 0:00:08]} a5 {[%emt 0:05:22]} 9. d3 {[%emt 0:00:24]} e5 {[%emt 0:03:32]} 10. Ne1 {[%emt 0:01:33]} Be6 {[%emt 0:02:26]} 11. Bg5 {[%emt 0:02:22]} h6 {[%emt 0:14:59]} 12. Bxf6 {[%emt 0:00:09]} Bxf6 {[%emt 0:00:30]} 13. b3 {[%emt 0:04:02]} Bg7 {[%emt 0:10:47]} 14. Nc2 {[%emt 0:02:49]} f5 {[%emt 0:00:51]} 15. Qd2 {[%emt 0:03:32]} f4 {[%emt 0:13:45]} 16. b4 {[%emt 0:04:07]} axb4 {[%emt 0:00:52]} 17. axb4 {[%emt 0:00:07]} cxb4 {[%emt 0:01:05]} 18. Nxb4 {[%emt 0:00:35]} Nd4 {[%emt 0:01:21]} 19. Bxb7 {[%emt 0:10:37]} f3 {[%emt 0:03:24]} 20. Nc6 {[%emt 0:05:04]} Nxc6 {[%emt 0:08:54]} 21. Bxc6 {[%emt 0:00:10]} fxe2 {[%emt 0:00:34]} 22. Qxe2 {[%emt 0:00:06]} Rc8 {[%emt 0:01:23]} 23. Bg2 {[%emt 0:01:07]} Qa5 {[%emt 0:00:51]} 24. Nd5 {[%emt 0:02:30]} Bxd5 {[%emt 0:01:01]} 25. Bxd5+ {[%emt 0:00:11]} Kh8 {[%emt 0:00:41]} 26. Qg4 {[%emt 0:02:37]} g5 {[%emt 0:01:48]} 27. Be4 {[%emt 0:01:23]} Qc5 {[%emt 0:01:20]} 28. Rb5 {[%emt 0:01:17]} Qc7 {[%emt 0:01:41]} 29. Rb7 {[%emt 0:01:52]} Qd8 {[%emt 0:00:05]} 30. h4 {[%emt 0:01:17]} Qf6 {[%emt 0:01:25]} 31. hxg5 {[%emt 0:00:53]} Qxg5 {[%emt 0:03:31]} 32. Qxg5 {[%emt 0:00:13]} hxg5 {[%emt 0:00:01]} 33. Kg2 {[%emt 0:00:07]} Kg8 {[%emt 0:02:10]} 34. Rh1 {[%emt 0:00:20]} Rf6 {[%emt 0:00:06]} 35. Bd5+ {[%emt 0:00:17]} Kf8 {[%emt 0:00:05]} 36. Rh7 {[%emt 0:00:07]} Rg6 {[%emt 0:00:45]} 37. Rf7+ {[%emt 0:00:06]} 1-0

[Event "7th Uppsala Young Champions"]
[Site "Uppsala"]
[Date "2020.10.28"]
[Round "9.15"]
[White "Ostlund, Joar"]
[Black "Trost, Edvin"]
[Result "0-1"]
[WhiteElo "2106"]
[BlackElo "2202"]
[Annotator "NA"]
[PlyCount "84"]
[EventDate "2020.10.23"]
[EventType "swiss"]
[EventCountry "SWE"]
[SourceTitle "playchess.com"]
[Source "ChessBase"]
[SourceQuality "1"]
[TimeControl "5400+30"]

1. d4 {[%emt 0:00:00]} Nf6 {[%emt 0:00:33]} 2. c4 {[%emt 0:00:00]} g6 {[%emt 0:01:18]} 3. Nc3 {[%emt 0:00:07]} Bg7 {[%emt 0:00:18]} 4. e4 {[%emt 0:00:11]} d6 {[%emt 0:00:35]} 5. Nf3 {[%emt 0:00:08]} O-O {[%emt 0:00:13]} 6. Be2 {[%emt 0:00:08]} e5 {[%emt 0:00:03]} 7. O-O {[%emt 0:00:10]} Nc6 {[%emt 0:00:03]} 8. d5 {[%emt 0:00:24]} Ne7 {[%emt 0:00:07]} 9. Ne1 {[%emt 0:00:12]} Nd7 {[%emt 0:00:23]} 10. Be3 {[%emt 0:00:08]} f5 {[%emt 0:00:10]} 11. f3 {[%emt 0:00:06]} f4 {[%emt 0:00:05]} 12. Bf2 {[%emt 0:00:04]} g5 {[%emt 0:00:03]} 13. Nd3 {[%emt 0:00:06]} b6 {[%emt 0:07:55]} 14. b4 {[%emt 0:00:15]} Rf6 {[%emt 0:04:30]} (14... Ng6 $142) 15. c5 {[%emt 0:03:20]} a6 {[%emt 0:01:12]} 16. Rc1 {[%emt 0:05:00]} Rh6 {[%emt 0:05:42]} 17. cxb6 {[%emt 0:10:43]} cxb6 {[%emt 0:00:18]} 18. Kh1 {[%emt 0:02:09]} Qe8 {[%emt 0:04:27]} 19. Bg1 {[%emt 0:11:08]} Nf6 {[%emt 0:05:05]} 20. Qe1 {[%emt 0:17:42]} g4 {[%emt 0:08:27]} 21. fxg4 {[%emt 0:02:49]} Nxg4 {[%emt 0:00:45]} 22. Bxg4 {[%emt 0:09:19]} Bxg4 {[%emt 0:00:15]} 23. Bxb6 {[%emt 0:01:45]} Qh5 {[%emt 0:04:45]} 24. Bg1 {[%emt 0:01:03] [#]} Bf6 $2 {[%emt 0:04:02]} (24... f3 $1 $19 {[%cal Rf3g2] has better winning chances.} 25. g3 Bh3) 25. Nf2 {[%emt 0:02:10]} Bh4 {[%emt 0:23:59]} 26. Qd2 {[%emt 0:01:26]} Bd7 {[%emt 0:03:36]} ({Black should try} 26... Bxf2 $1 $17 27. Qxf2 Rg6) 27. Qe2 {[%emt 0:03:23]} Qg6 {[%emt 0:01:27]} 28. a4 {[%emt 0:03:31]} Kh8 {[%emt 0:03:57]} 29. b5 {[%emt 0:04:46]} axb5 {[%emt 0:00:59]} ({Of course not} 29... Rg8 $6 30. Nd3 $14) 30. axb5 {[%emt 0:00:12]} Rg8 $1 {[%emt 0:06:18]} 31. Qf3 $15 {[%emt 0:03:14]} Nc8 {[%emt 0:00:30]} 32. Ra1 {[%emt 0:01:00]} Nb6 {[%emt 0:01:15]} 33. Ra7 {[%emt 0:08:13]} Nc4 {[%emt 0:00:45]} 34. Rd1 {[%emt 0:01:07]} Bc8 {[%emt 0:01:00]} 35. Rc7 {[%emt 0:02:12]} Ne3 {[%emt 0:01:19]} 36. b6 {[%emt 0:01:01]} Bxf2 {[%emt 0:03:44]} 37. Qxf2 {[%emt 0:02:35]} Nxd1 {[%emt 0:00:28]} 38. Nxd1 {[%emt 0:00:32]} Bh3 {[%emt 0:03:06]} 39. Rc2 {[%emt 0:01:35]} Qxe4 {[%emt 0:00:46]} 40. b7 {[%emt 0:01:59]} Qxd5 {[%emt 0:01:16]} 41. b8=Q {[%emt 0:04:01]} Rxb8 {[%emt 0:00:16]} 42. Nc3 {[%emt 0:00:32]} Qb7 {[%emt 0:00:46]} 0-1

[Event "7th Uppsala Young Champions"]
[Site "Uppsala"]
[Date "2020.10.28"]
[Round "9.16"]
[White "Seo, Jung Hyun"]
[Black "Urh, Zala"]
[Result "0-1"]
[WhiteElo "1936"]
[BlackElo "2195"]
[Annotator "NA"]
[PlyCount "80"]
[EventDate "2020.10.23"]
[EventType "swiss"]
[EventCountry "SWE"]
[SourceTitle "playchess.com"]
[Source "ChessBase"]
[SourceQuality "1"]
[TimeControl "5400+30"]

1. e4 {[%emt 0:00:00]} c5 {[%emt 0:01:10]} 2. Nf3 {[%emt 0:00:00]} Nc6 {[%emt 0:00:04]} 3. d4 {[%emt 0:00:00]} cxd4 {[%emt 0:00:09]} 4. Nxd4 {[%emt 0:00:00]} Nf6 {[%emt 0:00:12]} 5. Nc3 {[%emt 0:00:00]} e5 {[%emt 0:00:19]} 6. Ndb5 {[%emt 0:00:03]} d6 {[%emt 0:00:08]} 7. Bg5 {[%emt 0:00:04]} a6 {[%emt 0:00:17]} 8. Na3 {[%emt 0:00:03]} b5 {[%emt 0:00:06]} 9. Nd5 {[%emt 0:00:05]} Be7 {[%emt 0:00:07]} 10. Bxf6 {[%emt 0:00:05]} Bxf6 {[%emt 0:00:06]} 11. c3 {[%emt 0:00:03]} Bg5 {[%emt 0:00:57]} 12. Nc2 {[%emt 0:00:08]} Rb8 {[%emt 0:00:07]} 13. Be2 {[%emt 0:02:27]} O-O {[%emt 0:00:56]} 14. Nce3 {[%emt 0:03:39]} a5 {[%emt 0:03:43]} 15. O-O {[%emt 0:01:02]} Be6 {[%emt 0:00:43]} 16. Qd3 {[%emt 0:06:03]} g6 {[%emt 0:09:48]} 17. b3 {[%emt 0:08:57]} Bh6 {[%emt 0:10:01]} 18. Bg4 {[%emt 0:03:02]} Kh8 {[%emt 0:02:29]} 19. Rad1 {[%emt 0:01:33]} Qc8 {[%emt 0:02:32]} 20. Qe2 {[%emt 0:07:23]} f5 {[%emt 0:02:51]} 21. exf5 {[%emt 0:03:52]} gxf5 {[%emt 0:00:33]} 22. Bh3 {[%emt 0:00:12]} f4 {[%emt 0:05:22]} 23. Bxe6 {[%emt 0:00:34]} Qxe6 {[%emt 0:00:07]} 24. Ng4 {[%emt 0:08:13]} Bg5 {[%emt 0:03:33]} 25. f3 {[%emt 0:01:25]} Qg6 {[%emt 0:07:15]} 26. Nf2 {[%emt 0:02:24]} b4 {[%emt 0:01:59]} 27. Ne4 {[%emt 0:05:44]} Bh4 {[%emt 0:04:32]} 28. Qa6 {[%emt 0:08:03]} Rg8 {[%emt 0:05:55]} 29. Rd2 {[%emt 0:02:24]} Rbc8 {[%emt 0:02:03]} 30. cxb4 {[%emt 0:05:52]} axb4 {[%emt 0:00:49]} 31. Qb5 {[%emt 0:03:28]} (31. Kh1 $16) 31... Nd4 {[%emt 0:12:13]} 32. Qxb4 {[%emt 0:01:56] [#]} Rc1 {[%emt 0:02:05]} ({Black should try} 32... Qg7 $1 $17 33. Nxd6 Rcd8) 33. Rxc1 {[%emt 0:04:42]} Nxf3+ $1 {[%emt 0:00:07] Double Attack} 34. Kh1 {[%emt 0:01:31]} Nxd2 {[%emt 0:00:13]} 35. Qxd2 {[%emt 0:00:18]} Qxe4 {[%emt 0:00:08]} 36. Nc3 $11 {[%emt 0:01:14]} Qg6 {[%emt 0:00:58]} 37. Nd5 {[%emt 0:07:45]} f3 {[%emt 0:04:53]} 38. Qc2 {[%emt 0:11:14]} fxg2+ {[%emt 0:08:14]} 39. Kg1 {[%emt 0:00:04]} Qf7 {[%emt 0:00:21]} 40. Rd1 {[%emt 0:00:45]} Qa7+ {[%emt 0:00:42]} 0-1

[Event "7th Uppsala Young Champions"]
[Site "Uppsala"]
[Date "2020.10.28"]
[Round "9.17"]
[White "Ruzic, Pia Marie"]
[Black "Rasti, Arvin"]
[Result "1-0"]
[WhiteElo "1929"]
[BlackElo "2201"]
[Annotator "ChessBase"]
[PlyCount "73"]
[EventDate "2020.10.23"]
[EventType "swiss"]
[EventCountry "SWE"]
[SourceTitle "playchess.com"]
[Source "ChessBase"]
[SourceQuality "1"]
[TimeControl "5400+30"]

1. c4 {[%emt 0:00:23]} d6 {[%emt 0:00:00]} 2. Nf3 {[%emt 0:00:44]} g6 {[%emt 0:00:00]} 3. g3 {[%emt 0:00:20]} Bg7 {[%emt 0:00:01]} 4. Bg2 {[%emt 0:00:48]} e5 {[%emt 0:00:14]} 5. d3 {[%emt 0:00:43]} Ne7 {[%emt 0:00:25]} 6. O-O {[%emt 0:02:06]} O-O {[%emt 0:00:10]} 7. Nc3 {[%emt 0:01:47]} f5 {[%emt 0:00:36]} 8. Rb1 {[%emt 0:03:48]} Nbc6 {[%emt 0:00:15]} 9. Nd5 {[%emt 0:00:45]} h6 {[%emt 0:01:09]} 10. b4 {[%emt 0:02:16]} Nxd5 {[%emt 0:00:23]} 11. cxd5 {[%emt 0:00:09]} Ne7 {[%emt 0:00:11]} 12. Nd2 {[%emt 0:02:06]} f4 {[%emt 0:01:53]} 13. Nc4 {[%emt 0:00:42]} Bf5 {[%emt 0:03:20]} 14. e4 {[%emt 0:16:33]} Bd7 {[%emt 0:00:53]} 15. d4 {[%emt 0:00:06]} Bb5 {[%emt 0:01:21]} 16. Qc2 {[%emt 0:00:15]} f3 {[%emt 0:00:50]} 17. Bh1 {[%emt 0:04:22]} exd4 {[%emt 0:00:20]} 18. a4 {[%emt 0:01:27]} Bxc4 {[%emt 0:01:27]} 19. Qxc4 {[%emt 0:00:07]} Qd7 {[%emt 0:00:06]} 20. Rb3 {[%emt 0:02:12]} g5 {[%emt 0:00:38]} 21. Rxf3 {[%emt 0:01:53]} Ng6 {[%emt 0:01:01]} 22. Rxf8+ {[%emt 0:01:10]} Rxf8 {[%emt 0:00:05]} 23. Bb2 {[%emt 0:06:35]} Ne5 {[%emt 0:00:33]} 24. Qb3 {[%emt 0:00:14]} d3 {[%emt 0:01:02]} 25. f3 {[%emt 0:04:34]} h5 {[%emt 0:01:44]} 26. Bc1 {[%emt 0:06:11]} h4 {[%emt 0:01:10]} 27. f4 {[%emt 0:03:58]} hxg3 {[%emt 0:01:34]} 28. hxg3 {[%emt 0:00:32]} Qh3 {[%emt 0:02:37]} 29. Bg2 {[%emt 0:02:13]} Qxg3 {[%emt 0:00:16]} 30. fxe5 {[%emt 0:00:49]} Bxe5 {[%emt 0:00:54]} 31. Rxf8+ {[%emt 0:01:08]} Kxf8 {[%emt 0:00:06]} 32. Bxg5 {[%emt 0:03:46]} d2 {[%emt 0:00:36]} 33. Qf3+ {[%emt 0:00:14]} Kg8 {[%emt 0:00:42]} 34. Bxd2 {[%emt 0:00:14]} Bd4+ {[%emt 0:00:21]} 35. Kf1 {[%emt 0:00:32]} Qh2 {[%emt 0:00:07]} 36. Be3 {[%emt 0:01:11]} Bg7 {[%emt 0:00:26]} 37. Bh3 {[%emt 0:02:42]} 1-0

[Event "7th Uppsala Young Champions"]
[Site "Uppsala"]
[Date "2020.10.28"]
[Round "9.18"]
[White "Hrescak, Ivana"]
[Black "Skahlberg Bjerknes-Lima de Far, Warg"]
[Result "1-0"]
[WhiteElo "2237"]
[BlackElo "1759"]
[Annotator "ChessBase"]
[PlyCount "114"]
[EventDate "2020.10.23"]
[EventType "swiss"]
[EventCountry "SWE"]
[SourceTitle "playchess.com"]
[Source "ChessBase"]
[SourceQuality "1"]
[TimeControl "5400+30"]

1. d4 {[%emt 0:00:15]} Nf6 {[%emt 0:00:00]} 2. c4 {[%emt 0:00:13]} c5 {[%emt 0:00:00]} 3. d5 {[%emt 0:00:10]} b5 {[%emt 0:00:00]} 4. cxb5 {[%emt 0:00:10]} a6 {[%emt 0:00:00]} 5. bxa6 {[%emt 0:00:05]} g6 {[%emt 0:00:23]} 6. Nc3 {[%emt 0:00:17]} Bxa6 {[%emt 0:00:10]} 7. g3 {[%emt 0:00:07]} d6 {[%emt 0:01:28]} 8. Bg2 {[%emt 0:00:06]} Bg7 {[%emt 0:03:11]} 9. Nf3 {[%emt 0:00:07]} O-O {[%emt 0:02:47]} 10. O-O {[%emt 0:00:26]} Nbd7 {[%emt 0:01:50]} 11. Rb1 {[%emt 0:00:38]} Qa5 {[%emt 0:11:52]} 12. Bd2 {[%emt 0:01:00]} Bb7 {[%emt 0:03:15]} 13. Qc2 {[%emt 0:06:31]} Rfb8 {[%emt 0:03:36]} 14. b3 {[%emt 0:03:01]} Qa7 {[%emt 0:02:28]} 15. e4 {[%emt 0:10:48]} Ba6 {[%emt 0:01:42]} 16. Rfd1 {[%emt 0:00:42]} Ng4 {[%emt 0:07:48]} 17. h3 {[%emt 0:05:02]} Nge5 {[%emt 0:01:15]} 18. Nxe5 {[%emt 0:02:51]} Nxe5 {[%emt 0:00:28]} 19. Be3 {[%emt 0:01:53]} Qc7 {[%emt 0:05:43]} 20. a4 {[%emt 0:02:07]} Qa5 {[%emt 0:02:49]} 21. Na2 {[%emt 0:11:25]} Rc8 {[%emt 0:14:11]} 22. Bd2 {[%emt 0:10:09]} Qb6 {[%emt 0:02:05]} 23. Bc3 {[%emt 0:00:41]} Qa7 {[%emt 0:02:55]} 24. Kh2 {[%emt 0:03:18]} Bb7 {[%emt 0:07:19]} 25. f4 {[%emt 0:03:02]} Nd7 {[%emt 0:00:19]} 26. Bxg7 {[%emt 0:00:27]} Kxg7 {[%emt 0:00:06]} 27. Nc3 {[%emt 0:01:07]} Qa5 {[%emt 0:06:30]} 28. Re1 {[%emt 0:03:57]} f6 {[%emt 0:05:13]} 29. Bf3 {[%emt 0:05:20]} Ba6 {[%emt 0:01:25]} 30. Bg4 {[%emt 0:01:33]} Rc7 {[%emt 0:01:52]} 31. h4 {[%emt 0:04:15]} Rb7 {[%emt 0:06:28]} 32. h5 {[%emt 0:03:17]} Rab8 {[%emt 0:02:09]} 33. Kg2 {[%emt 0:03:40]} Qc7 {[%emt 0:00:59]} 34. Na2 {[%emt 0:01:36]} Rb6 {[%emt 0:02:48]} 35. b4 {[%emt 0:01:46]} Bc8 {[%emt 0:01:01]} 36. b5 {[%emt 0:00:30]} Ra8 {[%emt 0:00:35]} 37. Qc4 {[%emt 0:08:00]} g5 {[%emt 0:01:16]} 38. Bxd7 Qxd7 {[%emt 0:00:23]} 39. f5 {[%emt 0:06:16]} h6 {[%emt 0:00:28]} 40. Nc3 {[%emt 0:01:34]} Qa7 {[%emt 0:00:33]} 41. Ra1 {[%emt 0:01:04]} Qa5 {[%emt 0:00:29]} 42. Reb1 {[%emt 0:00:25]} Bd7 {[%emt 0:00:34]} 43. Qd3 {[%emt 0:00:40]} Rc8 {[%emt 0:00:35]} 44. Qc4 {[%emt 0:00:33]} Ra8 {[%emt 0:00:28]} 45. Kf3 {[%emt 0:00:08]} Ra7 {[%emt 0:00:30]} 46. Ra2 {[%emt 0:01:00]} Ra8 {[%emt 0:00:32]} 47. g4 {[%emt 0:00:16]} Rb7 {[%emt 0:00:28]} 48. Ke3 {[%emt 0:00:52]} Qb6 {[%emt 0:00:30]} 49. Kf3 {[%emt 0:00:31]} Ra5 {[%emt 0:00:31]} 50. Ne2 {[%emt 0:00:22]} Rba7 {[%emt 0:00:31]} 51. Nc3 {[%emt 0:00:37]} Ra8 {[%emt 0:00:25]} 52. Rba1 {[%emt 0:00:25]} Qa7 {[%emt 0:00:33]} 53. Kg3 {[%emt 0:00:33]} Be8 {[%emt 0:00:26]} 54. Kf3 {[%emt 0:00:37]} Bd7 {[%emt 0:00:22]} 55. Kg3 {[%emt 0:00:29]} Kh7 {[%emt 0:00:44]} 56. e5 {[%emt 0:00:31]} fxe5 {[%emt 0:00:29]} 57. f6 {[%emt 0:00:10]} Rg8 {[%emt 0:01:03]} 1-0